000
00284nam a22001217a 4500
008
170525b xxu||||| |||| 00| 0 eng d
041
_a
eng
080
_a
004.4
100
_a
26
101
_a
im
245
_a
KLEINES LEXIKON DER INDUSTRIEROBOTERTECHNIK
_c
HESSE.S
942
_2
udc
_c
BK
999
_c
14265
_d
14265